000 00952nam a2200313Ia 4500
001 dia_5941
003 CHAP
005 20240612120831.0
008 220117s2014 xx 000 0 und d
010 _a177111
020 _a978-1-63117-095-9
040 _cCHAP
082 _a660 G74 2014
245 _aGreen chemistry /
_c edición Rafael Luque
260 _aEstados Unidos de América :
_b Nova Science Publishers,
_c2014
300 _aix, 294 p.
440 _aChemistry Research and Applications
_9160238
504 _aIncluye bibliografías
590 _aTP155.2.E58 G74 2014
650 _aEnvironmental management
_9160239
650 0 _aGestión ambiental
_9143891
650 _aGreen chemistry
_9160240
650 _aQuímica verde
_9160241
700 _aLuque, Rafael, ed.
_9160242
901 _a660 G74 2014
902 _aA
905 _a5232272014 -usamn 8222223322eng16
942 _cLIBRO
_2ddc
999 _c177111
_d177111